000 nam a22 7a 4500
999 _c7740
_d7740
008 171005b xxu||||| |||| 00| 0 eng d
100 _94222
_aSachdeva.etal.
245 _aPhysics-XII
260 _aNew Delhi
_bJPH
_c2009